[Event "FIDE Grand Swiss 2021"]
[Site "Riga LAT"]
[Date "2021.10.28"]
[Round "2.16"]
[White "Daniil Dubov"]
[Black "Arjun Erigaisi"]
[Result "1/2-1/2"]
[EventDate "2021.10.27"]
[WhiteElo "2714"]
[BlackElo "2634"]
[PlyCount "74"]

1. d4 d5 2. c4 e6 3. Nc3 Bb4 4. e3 Nf6 5. Nf3 O-O 6. Bd2 b6 7. cxd5 exd5 8. Bd3 c5 9. h3 Ba6 10. Bxa6 Nxa6 11. O-O Ne4 12. Rc1 Bxc3 13. Bxc3 c4 14. Be1 b5 15. Nd2 Re8 16. Nxe4 Rxe4 17. b3 Nb8 18. Qh5 Nc6 19. Bd2 g6 20. Qf3 h5 21. Rb1 Rb8 22. Rb2 Qc7 23. Rfb1 Rb6 24. bxc4 bxc4 25. Rxb6 axb6 26. Rb5 Qd8 27. a4 Na7 28. Rb4 Nc6 29. Rb5 Na7 30. Rb4 Qc7 31. Bc3 Qc6 32. Qd1 Re6 33. Qb1 Nc8 34. Rb5 Na7 35. Rb4 Nc8 36. Rb5 Na7 37. Rb4 Nc8 1/2-1/2

[Event "FIDE Grand Swiss 2021"]
[Site "Riga LAT"]
[Date "2021.10.27"]
[Round "1.6"]
[White "Arjun Erigaisi"]
[Black "Andrey Esipenko"]
[Result "1/2-1/2"]
[EventDate "2021.10.27"]
[WhiteElo "2634"]
[BlackElo "2720"]
[PlyCount "86"]

1. d4 Nf6 2. c4 e6 3. Nc3 Bb4 4. f3 d5 5. a3 Be7 6. e4 dxc4 7. Bxc4 c5 8. dxc5 Qxd1+ 9. Kxd1 Bxc5 10. b4 Bb6 11. Nge2 O-O 12. Na4 Bc7 13. Be3 Rd8+ 14. Kc2 Nbd7 15. Rac1 a6 16. Kb1 b5 17. Ba2 Ne8 18. Bg5 bxa4 19. Rxc7 Nxc7 20. Bxd8 Nb5 21. Kb2 Bb7 22. Be7 Re8 23. Bh4 h6 24. Rd1 Bc6 25. Bg3 Rc8 26. Nf4 Kf8 27. Rc1 Ke7 28. Nd3 Nd6 29. Nc5 Nxc5 30. Rxc5 Nb7 31. Rc3 Kd7 32. Rd3+ Ke7 33. Rc3 Kd7 34. Be5 f6 35. Bg3 e5 36. Bc4 Ra8 37. Bf2 Nd6 38. Rd3 Bb5 39. Bxb5+ axb5 40. Bc5 Ra6 41. Rd5 Kc7 42. Bxd6+ Rxd6 43. Rxd6 1/2-1/2

[Event "3rd Yerevan Open A 2021"]
[Site "Yerevan ARM"]
[Date "2021.10.22"]
[Round "9.5"]
[White "David Shahinyan"]
[Black "Erigaisi Arjun"]
[Result "0-1"]
[EventDate "?"]
[WhiteElo "2469"]
[BlackElo "2634"]
[PlyCount "76"]

1. e4 e6 2. d4 d5 3. e5 c5 4. c3 Qb6 5. a3 Nc6 6. Nf3 Nh6 7. b4 cxd4 8. cxd4 Nf5 9. Be3 f6 10. Bd3 Nxe3 11. fxe3 fxe5 12. b5 Nxd4 13. exd4 e4 14. Bxe4 dxe4 15. Ne5 Bd7 16. Nc3 Qa5 17. O-O Qxc3 18. Rc1 Qxa3 19. Qh5+ g6 20. Nxg6 hxg6 21. Qxg6+ Kd8 22. Qf6+ Be7 23. Qxh8+ Be8 24. Kh1 Qd6 25. Rc5 e3 26. Qh6 e5 27. Qg7 e2 28. Re1 exd4 29. Re5 d3 30. Rxe7 Qxe7 31. Qd4+ Bd7 32. Qh8+ Kc7 33. Qc3+ Bc6 34. bxc6 Rd8 35. cxb7+ Kb8 36. Qd2 Qe4 37. Rg1 Re8 38. Qe1 Qe3 0-1

[Event "3rd Yerevan Open A 2021"]
[Site "Yerevan ARM"]
[Date "2021.10.15"]
[Round "2.2"]
[White "Erigaisi Arjun"]
[Black "Anna M Sargsyan"]
[Result "1-0"]
[EventDate "?"]
[WhiteElo "2634"]
[BlackElo "2402"]
[PlyCount "86"]

1. Nf3 Nf6 2. c4 c6 3. Nc3 d5 4. e3 e6 5. d4 Nbd7 6. Be2 dxc4 7. a4 c5 8. d5 Nb6 9. e4 exd5 10. a5 Nbd7 11. e5 d4 12. exf6 dxc3 13. Bxc4 gxf6 14. O-O Ne5 15. Nxe5 Qxd1 16. Bxf7+ Ke7 17. Rxd1 fxe5 18. Bc4 Kf6 19. bxc3 Bf5 20. Bd5 Rb8 21. c4 Bg7 22. Ra3 h5 23. Bb2 b5 24. axb6 Rxb6 25. Bc3 Rhb8 26. f4 Kg6 27. Rxa7 Rb1 28. Rxb1 Rxb1+ 29. Kf2 Rc1 30. Ra6+ Kh7 31. Bxe5 Bxe5 32. fxe5 Bd3 33. Rc6 Bxc4 34. Be4+ Kg7 35. Rxc5 Rf1+ 36. Ke3 Be6 37. Rc7+ Kf8 38. Bf3 h4 39. h3 Ra1 40. Kf4 Ra5 41. Rh7 Kg8 42. Rxh4 Kg7 43. Be4 1-0

[Event "ChessMood Open 2021"]
[Site "Tsaghkadzor ARM"]
[Date "2021.10.10"]
[Round "7.4"]
[White "Erigaisi Arjun"]
[Black "David Shahinyan"]
[Result "1-0"]
[EventDate "?"]
[WhiteElo "2634"]
[BlackElo "2469"]
[PlyCount "98"]

1. d4 Nf6 2. c4 c5 3. d5 a6 4. a4 e6 5. Nc3 Qe7 6. Nf3 d6 7. g3 exd5 8. cxd5 g6 9. Bg2 Bg7 10. O-O O-O 11. Qb3 Nbd7 12. Re1 Ne4 13. Nxe4 Qxe4 14. Bf4 Qe7 15. e4 Rb8 16. Bg5 f6 17. Bd2 b5 18. axb5 Rxb5 19. Qc2 Ne5 20. Nxe5 fxe5 21. Ra3 Qb7 22. Ra2 Qf7 23. Be3 h5 24. h4 Kh7 25. Bf1 Rb6 26. Rea1 Qa7 27. Qd2 Qb8 28. Qc1 Rb4 29. Bc4 Rf7 30. Bd2 Rb6 31. Ba5 Rbb7 32. Bxa6 Rb3 33. Bxc8 Qxc8 34. Bc3 Rbb7 35. Qd1 Qh3 36. Qe2 Bh6 37. Ra6 Rbd7 38. R1a3 g5 39. Bd2 Kg6 40. Qe3 Qg4 41. Kg2 Qd1 42. hxg5 Bg7 43. Ra1 Qc2 44. Rh1 Qc4 45. Raa1 Rf8 46. b3 Qb5 47. Ra5 Qb6 48. Qe2 Rh8 49. Ra3 1-0

[Event "Junior U21 Round Table Op"]
[Site "Plovdiv BUL"]
[Date "2021.10.01"]
[Round "7.1"]
[White "Alexey Sarana"]
[Black "Erigaisi Arjun"]
[Result "1/2-1/2"]
[EventDate "?"]
[WhiteElo "2635"]
[BlackElo "2626"]
[PlyCount "60"]

1. d4 d5 2. c4 e6 3. Nc3 Bb4 4. Nf3 Nf6 5. Bg5 h6 6. Bxf6 Qxf6 7. Qb3 c5 8. cxd5 exd5 9. e3 O-O 10. dxc5 Bxc3+ 11. Qxc3 Qxc3+ 12. bxc3 Nd7 13. Rd1 Nf6 14. Nd4 Bd7 15. f3 Rfc8 16. Nb3 Kf8 17. Kd2 Ba4 18. Rb1 Bxb3 19. axb3 Rxc5 20. Ra1 a6 21. Bd3 Rac8 22. Rhc1 h5 23. b4 R5c6 24. Ra5 Ke7 25. b5 Rc5 26. Rca1 Rxc3 27. bxa6 bxa6 28. Rxa6 R8c7 29. Ra7 Rc5 30. R1a6 g6 1/2-1/2

[Event "Junior U21 Round Table Op"]
[Site "Plovdiv BUL"]
[Date "2021.09.29"]
[Round "5.3"]
[White "Felix Blohberger"]
[Black "Erigaisi Arjun"]
[Result "0-1"]
[EventDate "?"]
[WhiteElo "2493"]
[BlackElo "2626"]
[PlyCount "180"]

1. e4 e5 2. Nf3 Nc6 3. Bc4 Nf6 4. d3 h6 5. O-O d6 6. c3 g5 7. Re1 Bg7 8. b4 O-O 9. a4 Bg4 10. Nbd2 Ne7 11. h3 Bd7 12. Nf1 Ng6 13. N3h2 Be6 14. Bxe6 fxe6 15. g3 Qd7 16. Ra2 a5 17. b5 b6 18. Kg2 Kh8 19. Ng4 Nh7 20. Nd2 h5 21. Nh2 Qf7 22. Ndf3 Bf6 23. Kh1 Rg8 24. Ng1 Ngf8 25. Be3 Nd7 26. Qb3 d5 27. c4 d4 28. Bc1 Be7 29. Qd1 Raf8 30. Rf1 Bd6 31. Kg2 Qg6 32. g4 Ndf6 33. Ne2 Kg7 34. Ng3 hxg4 35. hxg4 Rh8 36. Rh1 Kf7 37. Nhf1 Nd7 38. Nh5 Ke8 39. f3 Rf7 40. Kg1 Rhf8 41. Rh3 Be7 42. Rah2 Qg8 43. Nd2 Nc5 44. Nf1 Qg6 45. Kg2 Kd7 46. Kg1 Re8 47. Kf2 Qg8 48. Ke2 Nf8 49. Nd2 Ng6 50. Qc2 Ref8 51. Ba3 Nh4 52. Bxc5 Bxc5 53. Rf2 Bb4 54. Nb3 c5 55. Nd2 Rh7 56. Nf1 Qf7 57. Qc1 Ng6 58. Qxg5 Rxh5 59. Rxh5 Nf4+ 60. Kd1 Nxd3 61. Rhh2 Rg8 62. Qh5 Qf4 63. Qh7+ Kd6 64. Nd2 Nxf2+ 65. Rxf2 Rd8 66. Nf1 Rd7 67. Qh2 Qf6 68. Qh5 Kc7 69. g5 Qf8 70. g6 Qf6 71. Nh2 Kd6 72. Ng4 Qg7 73. Rg2 d3 74. Qxe5+ Qxe5 75. Nxe5 Kxe5 76. g7 Rxg7 77. Rxg7 Kd4 78. Rb7 Kxc4 79. Rxb6 Kb3 80. Rxe6 c4 81. Rc6 c3 82. Rxc3+ Kxc3 83. e5 Kd4 84. e6 Ke5 85. b6 Kxe6 86. b7 Bd6 87. Kd2 Kd5 88. Kxd3 Kc6 89. Kc4 Kxb7 90. Kd5 Kc7 0-1

[Event "Junior U21 Round Table Op"]
[Site "Plovdiv BUL"]
[Date "2021.09.28"]
[Round "4.2"]
[White "Erigaisi Arjun"]
[Black "Abhimanyu Puranik"]
[Result "1/2-1/2"]
[EventDate "?"]
[WhiteElo "2626"]
[BlackElo "2568"]
[PlyCount "74"]

1. d4 Nf6 2. c4 g6 3. Nc3 d5 4. cxd5 Nxd5 5. Bd2 c5 6. e4 Nxc3 7. Bxc3 cxd4 8. Bxd4 e5 9. Bc3 Qxd1+ 10. Rxd1 Nc6 11. Bb5 f6 12. f4 Bd7 13. Nf3 Be7 14. g3 a6 15. Bc4 Bg4 16. Ke2 Bc5 17. Bd5 Nd4+ 18. Bxd4 Bxd4 19. Bxb7 Rb8 20. Bc6+ Ke7 21. b3 Rhc8 22. Rc1 Bb2 23. Rc4 Rb6 24. Bd5 Rxc4 25. Bxc4 Rd6 26. h3 Bxf3+ 27. Kxf3 Rd2 28. Re1 Bd4 29. Re2 Rxe2 30. Kxe2 a5 31. Kd3 Bf2 32. fxe5 fxe5 33. g4 h5 34. gxh5 gxh5 35. Bg8 Kd6 36. Kc4 Be1 37. Kb5 h4 1/2-1/2

[Event "4th Sharjah Masters 2021"]
[Site "Sharjah UAE"]
[Date "2021.09.25"]
[Round "9.9"]
[White "Erigaisi Arjun"]
[Black "Delgado Ramirez, Neuris"]
[Result "1/2-1/2"]
[EventDate "?"]
[WhiteElo "2626"]
[BlackElo "2588"]
[PlyCount "176"]

1. e4 c5 2. Nf3 d6 3. d4 cxd4 4. Nxd4 Nf6 5. Nc3 a6 6. Be3 Nc6 7. h3 e5 8. Nb3 Be6 9. Qf3 Rc8 10. O-O-O Nb4 11. a3 Rxc3 12. bxc3 Nc6 13. c4 Nd7 14. Qg3 Nf6 15. f3 Qc7 16. Qe1 Be7 17. Qc3 O-O 18. Bd3 Rc8 19. g4 Nd7 20. Kd2 Qd8 21. Qb2 Bg5 22. Bxg5 Qxg5+ 23. Ke2 Qh4 24. Qc3 b5 25. Qe1 Qxe1+ 26. Kxe1 bxc4 27. Bxc4 Bxc4 28. Rxd6 Nf8 29. Kf2 Ne6 30. Nd2 Na5 31. Nxc4 Nxc4 32. Rxa6 Nb2 33. Kg3 g6 34. Rh2 Nc4 35. Kf2 Nf4 36. Kg3 Ne3 37. Rf2 Nxc2 38. Ra5 h6 39. Rd2 Ne3 40. Kf2 Rc3 41. Rxe5 Nxh3+ 42. Ke1 Nc4 43. Rc5 Ng5 44. Rd8+ Kg7 45. Rdc8 Nxf3+ 46. Ke2 Nd4+ 47. Ke1 Re3+ 48. Kf2 Rf3+ 49. Ke1 Nxa3 50. Rd5 Nac2+ 51. Kd2 Rf4 52. e5 Rxg4 53. Rdd8 g5 54. Rh8 Kg6 55. Rcg8+ Kf5 56. Rg7 Rg2+ 57. Kc3 Kxe5 58. Rxf7 Nf5 59. Re8+ Kf4 60. Kd3 Ne3 61. Rxe3 Rf2 62. Re4+ Kg3 63. Re5 Rf3+ 64. Kd2 Nd4 65. Rh7 Rf6 66. Re4 Nf3+ 67. Ke2 g4 68. Rh8 Kh3 69. Re3 Kg2 70. Re7 Ng5 71. Re3 g3 72. Rg8 Nf3 73. Rh8 Nd4+ 74. Kd3 Nf5 75. Ree8 Kf2 76. Rhg8 Kf3 77. Kd2 h5 78. Ref8 Rxf8 79. Rxf8 Kg4 80. Ke2 h4 81. Kf1 h3 82. Kg1 Nd4 83. Rg8+ Kf3 84. Rf8+ Ke4 85. Re8+ Kf5 86. Rf8+ Ke4 87. Re8+ Kf4 88. Rf8+ Ke5 1/2-1/2

[Event "4th Sharjah Masters 2021"]
[Site "Sharjah UAE"]
[Date "2021.09.23"]
[Round "7.6"]
[White "Erigaisi Arjun"]
[Black "Nodirbek Abdusattorov"]
[Result "0-1"]
[EventDate "?"]
[WhiteElo "2626"]
[BlackElo "2648"]
[PlyCount "96"]

1. d4 Nf6 2. c4 e6 3. Nc3 d5 4. cxd5 exd5 5. Bg5 c6 6. e3 h6 7. Bh4 Be7 8. Bd3 O-O 9. Nge2 Nbd7 10. Qc2 Re8 11. f3 b5 12. Bf2 Nb6 13. O-O b4 14. Na4 Nxa4 15. Qxa4 c5 16. dxc5 Bxc5 17. Nd4 Bd7 18. Qc2 Qb6 19. Rfe1 Rac8 20. Qd2 a5 21. Rac1 a4 22. g4 b3 23. a3 Nh7 24. Kg2 Nf8 25. Bb1 Ng6 26. Qd3 Qf6 27. Bg3 Kf8 28. Rcd1 Nh4+ 29. Bxh4 Qxh4 30. Nf5 Bxf5 31. Qxf5 Bd6 32. Qh5 Qf6 33. Re2 Re5 34. Qh3 d4 35. Be4 dxe3 36. Kh1 Rec5 37. Rxe3 Rc1 38. Ree1 Rxd1 39. Rxd1 Qxb2 40. Qh4 Qe2 41. Re1 Qd2 42. Bf5 Re8 43. Rxe8+ Kxe8 44. g5 Qd1+ 45. Kg2 Qe2+ 46. Qf2 Qxf2+ 47. Kxf2 Bxa3 48. gxh6 gxh6 0-1

[Event "4th Sharjah Masters 2021"]
[Site "Sharjah UAE"]
[Date "2021.09.22"]
[Round "6.6"]
[White "B Adhiban"]
[Black "Erigaisi Arjun"]
[Result "1/2-1/2"]
[EventDate "?"]
[WhiteElo "2672"]
[BlackElo "2626"]
[PlyCount "44"]

1. e4 e5 2. Nf3 Nf6 3. Nxe5 d6 4. Nf3 Nxe4 5. Nc3 Nxc3 6. dxc3 Be7 7. Bf4 O-O 8. Qd2 Nd7 9. O-O-O Nc5 10. Bc4 Be6 11. Bxe6 Nxe6 12. Be3 a5 13. h4 a4 14. a3 Qd7 15. Kb1 Qc6 16. Qd3 Rfe8 17. Ng5 Nf8 18. h5 Bxg5 19. Bxg5 Ne6 20. Be3 Ra5 21. f4 h6 22. g3 1/2-1/2

[Event "4th Sharjah Masters 2021"]
[Site "Sharjah UAE"]
[Date "2021.09.21"]
[Round "5.3"]
[White "Erigaisi Arjun"]
[Black "Pavel Eljanov"]
[Result "1/2-1/2"]
[EventDate "?"]
[WhiteElo "2626"]
[BlackElo "2680"]
[PlyCount "58"]

1. d4 d5 2. c4 dxc4 3. Nf3 Nf6 4. e3 e6 5. Bxc4 c5 6. O-O a6 7. b3 Nbd7 8. Bb2 Be7 9. Nbd2 O-O 10. dxc5 Bxc5 11. Bd3 Qe7 12. Qc2 h6 13. a4 b6 14. Ne4 Bb7 15. Nxc5 Nxc5 16. Bc4 Bd5 17. Bxf6 Qxf6 18. Bxd5 exd5 19. Rac1 a5 20. Qc3 Qxc3 21. Rxc3 Ne6 22. h3 Rac8 23. Rfc1 Rc5 24. Kf1 Rfc8 25. Rxc5 bxc5 26. Rd1 Rb8 27. Rxd5 Rxb3 28. Ne5 Ra3 29. Nd7 Rxa4 1/2-1/2

[Event "4th Sharjah Masters 2021"]
[Site "Sharjah UAE"]
[Date "2021.09.20"]
[Round "4.4"]
[White "Abhijeet Gupta"]
[Black "Erigaisi Arjun"]
[Result "1/2-1/2"]
[EventDate "?"]
[WhiteElo "2612"]
[BlackElo "2626"]
[PlyCount "32"]

1. d4 Nf6 2. c4 e6 3. Nf3 d5 4. Nc3 Bb4 5. Qa4+ Nc6 6. e3 O-O 7. Qc2 Re8 8. Bd2 Bf8 9. a3 h6 10. h3 e5 11. dxe5 Nxe5 12. cxd5 Nxd5 13. O-O-O Nxf3 14. gxf3 a5 15. Nxd5 Qxd5 16. e4 1/2-1/2

[Event "4th Sharjah Masters 2021"]
[Site "Sharjah UAE"]
[Date "2021.09.19"]
[Round "3.3"]
[White "Erigaisi Arjun"]
[Black "Mikheil Mchedlishvili"]
[Result "1/2-1/2"]
[EventDate "?"]
[WhiteElo "2626"]
[BlackElo "2571"]
[PlyCount "60"]

1. e4 e5 2. Nf3 Nf6 3. d4 Nxe4 4. Bd3 d5 5. Nxe5 Nd7 6. Nxd7 Bxd7 7. O-O Bd6 8. c4 c6 9. Nc3 Nxc3 10. bxc3 O-O 11. cxd5 cxd5 12. Qh5 g6 13. Qxd5 Qc7 14. Qf3 Bxh2+ 15. Kh1 Bd6 16. Qf6 Rfe8 17. Bh6 Bf8 18. Bxf8 Rxf8 19. c4 Qd8 20. Qf4 Qb8 21. Qf3 Qd6 22. Be4 Bc6 23. Bxc6 bxc6 24. Rad1 Rfe8 25. c5 Qe6 26. d5 cxd5 27. Rxd5 Rac8 28. Rc1 Rc7 29. a3 Qe4 30. Qxe4 Rxe4 1/2-1/2

[Event "4th Sharjah Masters 2021"]
[Site "Sharjah UAE"]
[Date "2021.09.18"]
[Round "2.9"]
[White "Adham Fawzy"]
[Black "Erigaisi Arjun"]
[Result "0-1"]
[EventDate "?"]
[WhiteElo "2488"]
[BlackElo "2626"]
[PlyCount "52"]

1. e4 c5 2. Nf3 d6 3. Bb5+ Nd7 4. a4 Nf6 5. Nc3 a6 6. Be2 b6 7. O-O Bb7 8. Re1 e6 9. Bf1 Be7 10. d4 cxd4 11. Nxd4 O-O 12. b3 Rc8 13. Bb2 Rc5 14. Re3 Qa8 15. Rg3 Rfc8 16. Nd5 exd5 17. Nf5 Kf8 18. Rxg7 dxe4 19. Bc4 Rxf5 20. Rxf7+ Ke8 21. Be6 Rg5 22. Qc1 e3 23. Qxe3 Rxg2+ 24. Kf1 Rxc2 25. Bc4 Rcxf2+ 26. Ke1 Re2+ 0-1

[Event "4th Sharjah Masters 2021"]
[Site "Sharjah UAE"]
[Date "2021.09.17"]
[Round "1.17"]
[White "Erigaisi Arjun"]
[Black "Ali Frhat"]
[Result "1-0"]
[EventDate "?"]
[WhiteElo "2626"]
[BlackElo "2404"]
[PlyCount "146"]

1. d4 d5 2. c4 c6 3. Nf3 Nf6 4. Nc3 e6 5. Bg5 Nbd7 6. e3 Qa5 7. Nd2 Bb4 8. Qc2 O-O 9. Be2 dxc4 10. Bxf6 Nxf6 11. Nxc4 Qc7 12. O-O Nd5 13. Ne4 b6 14. Ne5 Bb7 15. Rfc1 Rac8 16. a3 Bd6 17. Nxd6 Qxd6 18. Nd3 Rfd8 19. b4 Ne7 20. Qa4 a6 21. Qb3 Qd5 22. Rab1 Qg5 23. f4 Qh4 24. Bf3 g5 25. g3 Qh6 26. Be4 Qg7 27. Kh1 Nd5 28. Ne5 Rc7 29. a4 Kh8 30. a5 b5 31. Re1 Rg8 32. Qb2 f6 33. Nd3 Qh6 34. Bf3 gxf4 35. gxf4 Rcg7 36. Qf2 Bc8 37. Rbc1 Bd7 38. f5 exf5 39. Bxd5 cxd5 40. Nf4 Be8 41. Rc8 Rg4 42. Nxd5 f4 43. Nxf4 Qg7 44. d5 Qd7 45. Qc2 Qg7 46. Qf2 Qd7 47. Rc3 Qf5 48. h3 Rg3 49. Kh2 Qe5 50. Rcc1 Bd7 51. Qxg3 Rxg3 52. Kxg3 Qg5+ 53. Kh2 Qe5 54. Re2 Kg7 55. Rd1 Qc3 56. Rd4 Kf7 57. d6 Qc1 58. Red2 Qe1 59. Ng2 Qc1 60. Rf2 Qc3 61. Rf3 Qb2 62. Kg3 Qa1 63. Rdf4 Qe5 64. Kf2 Qb2+ 65. Kg1 f5 66. Rd4 Ke8 67. Rf2 Qc3 68. Rfd2 Qc1+ 69. Kh2 Qc6 70. Rh4 Qc3 71. Rdd4 f4 72. Rhxf4 Qc2 73. Rde4+ 1-0

[Event "Guimaraes Open 2021"]
[Site "Guimaraes POR"]
[Date "2021.08.29"]
[Round "9.2"]
[White "Arjun Erigaisi"]
[Black "Hans Moke Niemann"]
[Result "0-1"]
[EventDate "2021.08.24"]
[WhiteElo "2597"]
[BlackElo "2606"]
[PlyCount "182"]

1. e4 e5 2. Nf3 Nc6 3. Bb5 a6 4. Ba4 Nf6 5. O-O Be7 6. Re1 b5 7. Bb3 O-O 8. c3 Na5 9. Bc2 d5 10. d3 dxe4 11. dxe4 Qxd1 12. Bxd1 Bd6 13. Nbd2 Be6 14. Ng5 Bd7 15. Bc2 Nb7 16. b3 a5 17. a3 h6 18. Ngf3 Be6 19. Bb2 Nd7 20. c4 b4 21. a4 c6 22. Nf1 Rfd8 23. Ne3 f6 24. Kf1 Nbc5 25. Ke2 Nb6 26. Red1 Bf8 27. Rxd8 Rxd8 28. Rd1 Rxd1 29. Kxd1 Nbxa4 30. bxa4 b3 31. Bxb3 Nxb3 32. Bc3 Nc5 33. Nd2 Nxa4 34. Bxa5 Bc5 35. Kc2 Ba7 36. Bb4 Kf7 37. Ba3 g6 38. Kd3 f5 39. f3 h5 40. Nb3 Bb6 41. c5 fxe4+ 42. Kxe4 Bc7 43. Nd2 Nc3+ 44. Kd3 Nd5 45. g3 Bf5+ 46. Ne4 Ke6 47. Nc4 g5 48. Ke2 g4 49. Ncd6 Bxe4 50. Nxe4 Nf6 51. Ke3 Nd5+ 52. Ke2 Ba5 53. h3 gxh3 54. Ng5+ Kf5 55. Nxh3 Nc3+ 56. Ke3 Nb5 57. Bb2 Bb4 58. g4+ hxg4 59. fxg4+ Kxg4 60. Nf2+ Kf5 61. Ne4 Ke6 62. Kd3 Ba5 63. Kc4 Bd8 64. Bc1 Be7 65. Be3 Nc7 66. Kd3 Nd5 67. Bc1 Nc7 68. Be3 Ne8 69. Bc1 Ng7 70. Be3 Nh5 71. Nc3 Nf6 72. Ne4 Kf5 73. Ng3+ Kg4 74. Ne4 Nd5 75. Bc1 Nf4+ 76. Kc4 Ne6 77. Bh6 Bg5 78. Bxg5 Nxg5 79. Nf2+ Kf5 80. Nd3 Ne6 81. Nb4 Nd8 82. Kd3 Kf4 83. Kd2 Ke4 84. Kc3 Kf3 85. Nd3 e4 86. Ne5+ Kf4 87. Nc4 Nf7 88. Kd4 Ng5 89. Na5 Nf3+ 90. Kc3 Ne5 91. Nb3 e3 0-1

[Event "Guimaraes Open 2021"]
[Site "Guimaraes POR"]
[Date "2021.08.28"]
[Round "7"]
[White "Arjun Erigaisi"]
[Black "Dommaraju Gukesh"]
[Result "1-0"]
[EventDate "2021.08.24"]
[WhiteElo "2597"]
[BlackElo "2578"]
[Source "Chess-results Guimaraes Chess Open 2021"]
[PlyCount "94"]

1. d4 d5 2. c4 e6 3. Nf3 Nf6 4. g3 Be7 5. Bg2 O-O 6. Nc3 dxc4 7. Ne5 c5 8. dxc5 Qxd1+ 9. Nxd1 Bxc5 10. Ne3 c3 11. bxc3 Nbd7 12. Nd3 Rb8 13. Nc4 b6 14. Bf4 Bb7 15. Bxb8 Bxg2 16. Bd6 Bxh1 17. Bxf8 Kxf8 18. f3 Bg2 19. Nf4 Bh1 20. Nd3 Bg2 21. Nf4 Bh1 22. Kf1 e5 23. Nd3 e4 24. Nxc5 Nxc5 25. Kf2 Bxf3 26. exf3 Nd5 27. Ne5 Nxc3 28. fxe4 N3xe4+ 29. Ke3 a6 30. Kd4 Ke7 31. Nc4 b5 32. Nd2 f5 33. Nxe4 Nxe4 34. g4 g6 35. gxf5 gxf5 36. Rg1 Kf6 37. Rg8 b4 38. Rf8+ Kg5 39. Ke5 Nc3 40. Rxf5+ Kg4 41. Rf4+ Kg5 42. Rxb4 Nxa2 43. Ra4 Nc1 44. Ke4 Nb3 45. Ke3 Kg6 46. Rxa6+ Kg7 47. Rb6 1-0

[Event "Guimaraes Open 2021"]
[Site "Guimaraes POR"]
[Date "2021.08.28"]
[Round "8.1"]
[White "Max Warmerdam"]
[Black "Arjun Erigaisi"]
[Result "1/2-1/2"]
[EventDate "2021.08.24"]
[WhiteElo "2562"]
[BlackElo "2597"]
[PlyCount "66"]

1. e4 c6 2. d4 d5 3. e5 c5 4. Nf3 Nc6 5. dxc5 e6 6. a3 Bxc5 7. b4 Bb6 8. Bd3 Nge7 9. O-O Ng6 10. Bb2 O-O 11. c4 dxc4 12. Bxc4 Qxd1 13. Rxd1 Bc7 14. Re1 Rd8 15. h4 h6 16. g3 a5 17. b5 Nce7 18. h5 Nf8 19. Nbd2 b6 20. Nd4 Nd7 21. f4 Nc5 22. Rad1 Bb7 23. N2f3 Rd7 24. g4 Rad8 25. Kf2 g6 26. hxg6 Nxg6 27. Ke3 Ne7 28. Rh1 Bd5 29. Be2 Be4 30. Kf2 Ng6 31. Ke3 Ne7 32. Kf2 Ng6 33. Ke3 1/2-1/2

[Event "Guimaraes Open 2021"]
[Site "Guimaraes POR"]
[Date "2021.08.27"]
[Round "6.3"]
[White "G Lamard"]
[Black "Arjun Erigaisi"]
[Result "0-1"]
[EventDate "2021.08.24"]
[WhiteElo "2480"]
[BlackElo "2597"]
[PlyCount "118"]

1. d4 d5 2. c4 e6 3. Nf3 Nf6 4. Nc3 dxc4 5. e4 b5 6. e5 Nd5 7. Nxb5 Nb6 8. Be2 Nc6 9. O-O Be7 10. Be3 O-O 11. Qc1 Ba6 12. Nc3 Nb4 13. Rd1 Rb8 14. Nd2 Qd7 15. Nde4 Kh8 16. a3 Nd3 17. Qd2 Nd5 18. b4 f5 19. exf6 gxf6 20. Nxd5 exd5 21. Ng3 Bd6 22. Bxd3 cxd3 23. Bf4 Qg4 24. Bxd6 cxd6 25. h3 Qg5 26. Nf1 Qh4 27. Ne3 Rg8 28. Kh2 Qxd4 29. Re1 Rg5 30. Rac1 Rbg8 31. g3 Bc8 32. h4 Rh5 33. Ng2 Re5 34. Re3 Bf5 35. Rc7 Rxe3 36. Nxe3 Be4 37. Rc3 Qe5 38. Ng2 d4 39. Rc1 Bxg2 40. Kxg2 Qe4+ 41. Kg1 Re8 42. Rf1 Qf3 43. Qb2 Qd5 44. Qd2 Qe4 45. b5 Kg7 46. a4 Re5 47. Qb4 Qe2 48. Qxd4 d2 49. Qxa7+ Kg6 50. Qd4 Qxf1+ 51. Kxf1 Re1+ 52. Kg2 d1=Q 53. Qc4 d5 54. Qc8 Qe2 55. Qg8+ Kh6 56. Qf8+ Kg6 57. Qg8+ Kf5 58. Qxd5+ Qe5 59. Qf3+ Kg6 0-1

[Event "Guimaraes Open 2021"]
[Site "Guimaraes POR"]
[Date "2021.08.26"]
[Round "4.10"]
[White "De Ruiter,D"]
[Black "Arjun Erigaisi"]
[Result "0-1"]
[EventDate "2021.08.24"]
[WhiteElo "2251"]
[BlackElo "2597"]
[PlyCount "88"]

1. d4 d5 2. Bf4 Nf6 3. e3 e6 4. c3 Bd6 5. Nd2 O-O 6. Ngf3 b6 7. Bd3 Bb7 8. O-O c5 9. Ne5 Qc7 10. Qf3 Nbd7 11. Nxd7 Nxd7 12. Qh3 f5 13. Bxd6 Qxd6 14. f4 a5 15. Qf3 Ba6 16. Bxa6 Rxa6 17. Qe2 b5 18. Qxb5 Rb8 19. Qa4 Rxb2 20. dxc5 Nxc5 21. Qd4 Ne4 22. Nxe4 dxe4 23. Rf2 Qxd4 24. cxd4 Rab6 25. Rxb2 Rxb2 26. a4 h6 27. Rc1 Re2 28. Rc3 g5 29. fxg5 hxg5 30. Kf1 Ra2 31. Rc6 Kf7 32. Rc7+ Kf6 33. Rc6 Ke7 34. Rc4 Kd6 35. h3 f4 36. Rc5 Rxa4 37. Rxg5 Ra1+ 38. Kf2 Ra2+ 39. Kf1 a4 40. h4 a3 41. Ra5 Ra1+ 42. Kf2 fxe3+ 43. Ke2 a2 44. h5 Rg1 0-1

[Event "Guimaraes Open 2021"]
[Site "Guimaraes POR"]
[Date "2021.08.26"]
[Round "5.4"]
[White "Arjun Erigaisi"]
[Black "Ingunza Curro,Andres"]
[Result "1-0"]
[EventDate "2021.08.24"]
[WhiteElo "2597"]
[BlackElo "2395"]
[PlyCount "138"]

1. d4 Nf6 2. c4 e6 3. Nc3 Bb4 4. g3 c5 5. dxc5 Bxc5 6. Bg2 O-O 7. Nf3 Nc6 8. a3 a5 9. O-O d5 10. cxd5 exd5 11. Bg5 d4 12. Bxf6 Qxf6 13. Ne4 Qe7 14. Nxc5 Qxc5 15. Rc1 Qb6 16. Qc2 h6 17. Ne1 Re8 18. Nd3 Bg4 19. Nf4 Rac8 20. h3 Be6 21. Nxe6 Rxe6 22. Rfd1 Rce8 23. Rd2 Qb5 24. Bf3 Ne5 25. Be4 Nc6 26. Qd3 Qh5 27. Bxc6 bxc6 28. Qxd4 Qxh3 29. e3 h5 30. Rc4 Rg6 31. Qd7 Qxd7 32. Rxd7 Rb8 33. Rd2 Rb3 34. Rc5 Rb5 35. Rd8+ Kh7 36. Rxb5 cxb5 37. Rd5 Rb6 38. Rxh5+ Kg6 39. Rd5 Kf6 40. Kg2 Ke6 41. e4 a4 42. Kh3 g6 43. Kg4 f6 44. f3 Rb8 45. f4 f5+ 46. Kg5 fxe4 47. Re5+ Kf7 48. Rxe4 Rh8 49. g4 Rd8 50. Re5 Rb8 51. Rc5 Rb6 52. Rc7+ Kf8 53. Ra7 Kg8 54. Kh6 Kf8 55. g5 Rd6 56. Rb7 Rd4 57. Kxg6 Rxf4 58. Rxb5 Rg4 59. Rb8+ Ke7 60. Rb4 Rg2 61. Rxa4 Rxb2 62. Kg7 Rg2 63. Re4+ Kd6 64. g6 Rg3 65. a4 Rg5 66. Kh6 Rg2 67. g7 Kd7 68. Rh4 Ke8 69. Kh7 1-0

[Event "2nd Tras-os-Montes Open"]
[Site "Braganca POR"]
[Date "2021.08.24"]
[Round "9.1"]
[White "Erigaisi Arjun"]
[Black "Daniel Pulvett"]
[Result "1-0"]
[EventDate "?"]
[WhiteElo "2597"]
[BlackElo "2487"]
[PlyCount "86"]

1. Nf3 Nf6 2. c4 g6 3. Nc3 Bg7 4. g3 c6 5. d4 d5 6. Qb3 O-O 7. Bg2 Qb6 8. O-O Rd8 9. cxd5 Qxb3 10. axb3 Nxd5 11. Bg5 Kf8 12. Na4 Na6 13. Bd2 Ndc7 14. e3 Be6 15. b4 Bd5 16. Nc5 Nxc5 17. bxc5 Nb5 18. Ba5 Rd7 19. Rfd1 Ke8 20. g4 Rb8 21. Bb4 e5 22. Nxe5 Bxe5 23. dxe5 Bxg2 24. Rxd7 Kxd7 25. Kxg2 Ke6 26. f4 Rd8 27. Kf3 Rd3 28. Ke4 Rb3 29. f5+ Ke7 30. Bc3 a6 31. Kd3 Nxc3 32. bxc3 Rb2 33. h3 h5 34. Ra4 hxg4 35. hxg4 Rb5 36. Kc4 a5 37. Kd4 Rb1 38. Rxa5 Rg1 39. f6+ Kd7 40. Ra7 Kc7 41. Ra8 Rxg4+ 42. e4 Rg1 43. e6 1-0

[Event "Guimaraes Open 2021"]
[Site "Guimaraes POR"]
[Date "2021.08.24"]
[Round "1.3"]
[White "Arjun Erigaisi"]
[Black "Alvarez Pampillon,Antonio"]
[Result "1/2-1/2"]
[EventDate "2021.08.24"]
[WhiteElo "2597"]
[BlackElo "1836"]
[PlyCount "84"]

1. c4 c5 2. Nf3 g6 3. d4 Bg7 4. d5 d6 5. h3 Nf6 6. Nc3 O-O 7. e4 Na6 8. Bd3 Nc7 9. O-O Rb8 10. Re1 e6 11. Bg5 h6 12. Be3 exd5 13. exd5 b5 14. Qd2 bxc4 15. Bxc4 g5 16. Nxg5 hxg5 17. Bxg5 Bf5 18. Re3 Qd7 19. Rae1 Rfe8 20. Bb3 Rxe3 21. Rxe3 Rb4 22. Qe2 Nb5 23. Re7 Nxc3 24. bxc3 Re4 25. Rxd7 Rxe2 26. Rxd6 Ne4 27. Rd8+ Kh7 28. Re8 Bxc3 29. Bh4 Re1+ 30. Kh2 Nxf2 31. Rxe1 Bxe1 32. d6 Bd7 33. Bg3 f5 34. Bc4 Kg6 35. Be5 Ne4 36. g4 Bc3 37. Bf4 Bd2 38. Be5 Bc3 39. Bf4 Bd2 40. Be5 Bc3 41. Bf4 Kf6 42. g5+ 1/2-1/2